Hunted (Record no. 222977)
[ view plain ]
| 000 -LEADER | |
|---|---|
| fixed length control field | 00533nam a22002057a 4500 |
| 005 - DATE AND TIME OF LATEST TRANSACTION | |
| control field | 20220517165531.0 |
| 008 - FIXED-LENGTH DATA ELEMENTS--GENERAL INFORMATION | |
| fixed length control field | 220517b ||||| |||| 00| 0 eng d |
| 020 ## - INTERNATIONAL STANDARD BOOK NUMBER | |
| International Standard Book Number | 9780140174007 |
| 040 ## - CATALOGING SOURCE | |
| Transcribing agency | AL |
| 041 ## - LANGUAGE CODE | |
| Language code of text/sound track or separate title | English |
| 082 ## - DEWEY DECIMAL CLASSIFICATION NUMBER | |
| Edition number | 23 |
| Classification number | 891.4337 |
| Item number | RAKH |
| 100 ## - MAIN ENTRY--PERSONAL NAME | |
| Personal name | Mudra Rakshasa |
| 100 ## - MAIN ENTRY--PERSONAL NAME | |
| 9 (RLIN) | 37704 |
| 245 ## - TITLE STATEMENT | |
| Title | Hunted |
| 260 ## - PUBLICATION, DISTRIBUTION, ETC. | |
| Place of publication, distribution, etc. | New Delhi |
| Name of publisher, distributor, etc. | Penguin books India Pvt Ltd |
| Date of publication, distribution, etc. | 1992 |
| 300 ## - PHYSICAL DESCRIPTION | |
| Extent | ix,236 p. |
| Other physical details | PB |
| Dimensions | 19x12 cm. |
| 365 ## - TRADE PRICE | |
| Currency code | ₹ |
| Unit of pricing | ₹75.00 |
| 650 ## - SUBJECT ADDED ENTRY--TOPICAL TERM | |
| Topical term or geographic name entry element | Novel |
| 9 (RLIN) | 37705 |
| 700 ## - ADDED ENTRY--PERSONAL NAME | |
| Personal name | RAKSHASA (Mudra) |
| 9 (RLIN) | 37706 |
| 942 ## - ADDED ENTRY ELEMENTS (KOHA) | |
| Source of classification or shelving scheme | Dewey Decimal Classification |
| Koha item type | George Fernandes Collections |
| Withdrawn status | Lost status | Source of classification or shelving scheme | Damaged status | Not for loan | Collection code | Home library | Current library | Date acquired | Total Checkouts | Full call number | Barcode | Date last seen | Cost, replacement price | Price effective from | Koha item type |
|---|---|---|---|---|---|---|---|---|---|---|---|---|---|---|---|
| Dewey Decimal Classification | English | St Aloysius Library | St Aloysius Library | 03/23/2013 | 891.4337 RAKH | GF02352 | 05/17/2022 | 75.00 | 05/17/2022 | George Fernandes Collections |